Sports Quiz

Random Sports or NHL Quiz
Score 0/12 Timer 03:00
0 Plays Today
Athlete % Correct
Carmelo Anthony
92.8%
John Elway
83.3%
Ben Roethlisberger
79.5%
Joe Mauer
67.7%
Ivan Rodriguez
66%
Mickey Mantle
63.1%
Craig Biggio
58.8%
Pete Maravich
55.9%
Phil Esposito
27.8%
Nate Archibald
18.7%
Ted Lindsay
11.4%
Rod Gilbert
8.4%

You're not logged in!

Compare scores with friends on all Sporcle quizzes.
OR
Log In

Sporcle TV

Today on Sporcle TV


Watch our educational content, quiz creation guides, and fun videos on Sporcle TV.

Show Comments

Extras

Top Quizzes Today


Score Distribution

Paid Content

Your Account Isn't Verified!

In order to create a playlist on Sporcle, you need to verify the email address you used during registration. Go to your Sporcle Settings to finish the process.

Report this User

Report this user for behavior that violates our Community Guidelines.

Details: